000 00619cam a22002293a 4500
001 11453
003 PGUSA
005 20140828083237.0
008 040301s2004||||xxu|||||s|||||000 | eng d
040 _aPGUSA
_beng
042 _adc
050 4 _aLB
100 1 _aBinet, Alfred,
_d1857-1911
245 1 0 _aLa Suggestibilité
_h[electronic resource] /
_cAlfred Binet
260 _bProject Gutenberg,
_c2004
506 _aPublic domain in the USA.
516 _aElectronic text
653 _aMental suggestion
830 0 _aProject Gutenberg
_v11453
856 4 0 _uhttp://www.gutenberg.org/ebooks/11453
942 _cEB
999 _c240708
_d240708